[Event "78th GEO-ch 2019"]
[Site "Tbilisi"]
[Date "2019.02.06"]
[Round "1.7"]
[White "Kacharava, Nikolozi"]
[Black "Paichadze, Luka"]
[Result "1/2-1/2"]
[WhiteElo "2420"]
[BlackElo "2580"]
[Annotator "TA"]
[PlyCount "121"]
[EventDate "2019.02.06"]
[EventType "k.o."]
[EventCountry "GEO"]
[SourceTitle "playchess.com"]
[Source "ChessBase"]
[SourceQuality "1"]

{[%evp 14,121,62,53,67,4,2,6,10,11,8,5,12,0,0,-7,0,0,22,9,22,0,0,-89,-81,-91,-79,-41,-11,-15,-14,-33,-15,-16,-12,-35,-15,-115,-56,-113,-45,-45,-45,-45,-45,-45,-45,-45,-45,-45,-43,-45,-45,-93,-94,-96,-89,-100,-89,-215,-195,-195,-206,-180,-181,-167,-10,-180,-180,-105,-112,-180,-180,-177,-202,-125,-8,-8,-8,-8,0,0,0,0,0,0,0,0,0,0,0,0,0,0,0,0,0,0,0,0,0,0,0,0,0,0,-8,-8,0,-29990]} 1. e4 c6 ({Predecessor:} 1... g6 2. d4 Bg7 3. Nc3 c6 4. Nf3 {½-½ (51) Lahav,M (2196)-Sherif,A (1993) Montevideo 2017}) 2. Nc3 $146 (2. d4 d5 3. Nc3 g6 {½-½ (41) Dionisi,T (2399)-Le Roux,J (2557) Brest 2018}) 2... d5 3. Nf3 g6 4. d4 Bg7 5. h3 Nh6 6. Bf4 f6 7. exd5 cxd5 8. Nb5 O-O {B15: Caro-Kann: 3 Nc3: 3...g6 and 3...dxe4 4 Nxe4 Nf6 5 Nxf6+ exf6} (8... Na6 9. c4 O-O 10. cxd5 Qxd5 11. Nc3 Qf7 12. Qa4 Rd8 13. Bc4 Be6 14. d5 Bd7 15. Qb3 Nc5 16. Qb4 Rac8 17. O-O Nf5 {½-½ (41) Dionisi,T (2399)-Le Roux,J (2557) Brest 2018}) 9. Nc7 (9. Bc7 $14 Qd7 10. Bh2) 9... e5 $1 $11 10. Bxh6 $1 ({Don't play} 10. Nxa8 exf4 11. c4 Be6 $17) 10... Qxc7 11. Bxg7 Kxg7 12. dxe5 {[%mdl 64] Discovered Attack} Qa5+ $1 13. c3 fxe5 $1 14. Qb3 ({Predecessor:} 14. Be2 Nc6 15. O-O Re8 16. Qb3 {½-½ (51) Lahav,M (2196)-Sherif,A (1993) Montevideo 2017}) 14... Nc6 15. Rd1 d4 16. Be2 dxc3 {...c2+ is the strong threat.} 17. bxc3 e4 18. Nd4 (18. Nh2 $11) 18... Qg5 $17 19. Bg4 Nxd4 20. Rxd4 e3 21. O-O {next Bxc8 is good for White.} Bxg4 22. hxg4 ({Don't blunder} 22. Rxg4 $2 exf2+ 23. Kh2 Qe5+ 24. g3 b5 $17) 22... Rae8 23. f4 e2 24. Re1 Qh4 25. Qb1 (25. Qxb7+ $11 Re7 26. Qb1) 25... Re7 (25... Qg3 $17 26. Qc1 Qxg4) 26. c4 (26. g5 $15) 26... Qxg4 ({Black should try} 26... Qg3 $17 27. Qb4 Qe3+ 28. Kh1 Rfe8) 27. Re4 $15 Rxe4 28. Qxb7+ Kh6 29. Qxe4 Rxf4 {[%mdl 4096] Endgame KQR-KQR} 30. Qe3 Qg5 $36 {[%mdl 2048] ( -> ...Rf1+!). Black has some pressure.} 31. Rxe2 Rxc4 32. Qxg5+ Kxg5 {KR-KR} 33. Re7 Ra4 34. Rxh7 Rxa2 35. Kh2 a5 36. Ra7 (36. Rc7 $17) 36... Kg4 $1 $19 37. Ra6 {[#]} g5 $1 38. Ra8 Ra3 39. Rc8 Kh5 $2 ({Black should play} 39... a4 $19 40. Rc7 Kf5 41. Rc5+ Kg4) 40. Rc5 $2 (40. Rh8+ $1 $11 Kg4 41. Ra8) 40... Ra4 41. Kg1 Kg4 42. Kh2 {[#]} (42. Kh1 $17) 42... Kf4 $1 43. Kh3 Ra3+ 44. Kh2 g4 (44... a4 $17 45. Rc4+ Kf5 46. Rc5+ Kg4) 45. Rc4+ $11 {The position is equal.} Kf5 46. Rc5+ Ke6 {And now ...a4 would win.} 47. Rg5 {[#]} g3+ $1 {[%mdl 512]} 48. Kh3 (48. Rxg3 Rxg3) 48... Kf6 49. Rb5 a4 50. Ra5 Ke6 51. Kg4 Kd6 52. Kf4 Kc6 53. Kg4 Kb6 54. Ra8 $1 Kb5 {Hoping for ...Rc3.} 55. Rb8+ $1 Kc4 56. Ra8 Kb5 {Strongly threatening ...Rc3.} 57. Rb8+ $1 Ka6 {White must now prevent ...Rc3.} 58. Ra8+ Kb6 59. Kf4 Kb7 60. Ra5 Kb6 61. Ke4 $2 {[%mdl 40960] Accuracy: White = 43%, Black = 51%. . An unexpected result.} (61. Ra8 $11) 1/2-1/2

[Event "78th GEO-ch 2019"]
[Site "Tbilisi"]
[Date "2019.02.06"]
[Round "1.8"]
[White "Maghalashvili, Davit"]
[Black "Petriashvili, Nikoloz"]
[Result "1/2-1/2"]
[WhiteElo "2504"]
[BlackElo "2464"]
[Annotator "TA"]
[PlyCount "141"]
[EventDate "2019.02.06"]
[EventType "k.o."]
[EventCountry "GEO"]
[SourceTitle "playchess.com"]
[Source "ChessBase"]
[SourceQuality "1"]

{[%evp 20,141,37,26,22,8,61,68,60,60,61,59,104,105,107,89,129,129,130,117,130,95,126,86,106,73,112,112,109,97,112,87,113,47,113,26,101,0,20,20,94,35,37,0,94,94,94,94,91,88,94,17,20,18,20,18,94,94,94,94,94,94,94,94,94,94,94,94,94,94,94,94,94,94,94,0,0,0,0,0,0,0,0,0,0,0,0,-12,-11,-12,-8,-8,-8,-13,-10,-354,-370,-369,-369,-580,-562,-587,-470,-427,-357,-357,-356,-326,-75,-239,-13,-545,-545,-555,-8,-8,-8,-8,-8,-8,-8,-8,0,0]} 1. d4 d5 $146 ({Predecessor:} 1... Nf6 2. Nf3 d5 3. c4 c6 4. e3 Bf5 {½-½ (49) Meissner,B (2401)-Dautov,R (2602) Germany 2011}) 2. c4 c6 3. Nc3 Nf6 4. e3 Bf5 5. Nf3 e6 6. Nh4 Bg4 7. Qb3 Qb6 8. h3 Bh5 9. g4 Bg6 10. Nxg6 hxg6 11. Bg2 Nbd7 {D12: Slav Defence: 3 Nf3 Nf6 4 e3 Bf5} 12. Bd2 O-O-O (12... g5 $11) 13. g5 $14 ({Predecessor:} 13. O-O-O Qc7 14. Kb1 Nb6 15. cxd5 exd5 16. Ne2 Nc4 17. Bb4 Bxb4 18. Qxb4 Rhe8 19. b3 {½-½ (49) Meissner,B (2401)-Dautov,R (2602) Germany 2011}) 13... Ne8 {White is slightly better.} 14. c5 ({Reject} 14. cxd5 exd5 15. Qc2 Kb8 $11) 14... Qxb3 15. axb3 a6 16. f4 $1 Nc7 17. Ke2 f5 18. h4 Be7 19. Rh3 Rh7 20. Rah1 Nb5 21. Nd1 Rdh8 22. Ba5 Bd8 23. Bxd8 Kxd8 24. Nf2 Na7 25. Kd2 Nc8 26. Kc3 (26. b4 $16) 26... Kc7 (26... a5 $14) 27. R1h2 (27. b4 $1 $16) 27... Ne7 (27... a5 $11 {keeps the balance.}) 28. Nh1 (28. b4 $1 $16) 28... Nf8 29. Ng3 Kd8 (29... a5 $1 $11 {remains equal.}) 30. Kb4 ({White should play} 30. b4 $16) 30... Kc7 31. Ka5 Ng8 (31... Nd7 $11) 32. Bf1 $16 Ne7 33. b4 Nd7 34. h5 gxh5 35. Nxh5 ({White should try} 35. Rxh5 $16 Rxh5 36. Rxh5 Rxh5 37. Nxh5) 35... Rg8 36. Ng3 Rxh3 37. Rxh3 Nf8 (37... b6+ $1 $11 38. Ka4 a5) 38. Be2 g6 39. Nf1 Rg7 40. Rh8 Rg8 41. Rh6 Rg7 42. Nd2 Rh7 43. Rxh7 $1 Nxh7 {[%mdl 4096] Endgame KBN-KNN} 44. Nf3 Nf8 45. Ne5 Nd7 46. Nf7 Nc8 47. Bxa6 (47. Ka4 $16) 47... bxa6 $11 48. Kxa6 Nb8+ 49. Ka5 Nd7 50. b5 cxb5 51. Kxb5 Na7+ 52. Ka4 Nc6 53. b4 {[#]} e5 $1 54. fxe5 ({Of course not} 54. Nxe5 Ndxe5 55. fxe5 (55. dxe5 $2 d4 $19) 55... f4 $1 $17 {[%mdl 512]}) (54. dxe5 d4) 54... f4 55. exf4 Nxd4 {Threatens to win with ...Ne6.} 56. Nh8 Nf8 {And now ...Kc6 would win.} 57. b5 $2 {[%mdl 8192]} (57. e6 $1 $11 {and White stays safe.} Ndxe6 {[#]} 58. Nxg6 $1 {[%mdl 576] Remove Defender, Decoy} Nxg6 59. f5 {[%mdl 64] Double Attack}) 57... Nde6 $19 58. c6 {intending Nxg6.} Nxf4 59. Ka5 (59. Nf7 $142 N8e6 60. Kb4) 59... d4 60. Kb4 N8e6 61. Nf7 d3 {( -> ...d2)} 62. Kc3 Kb6 63. Nd6 {White hopes to continue with Kd2.} Nxg5 $2 (63... Kc5 $19 {has better winning chances.} 64. Kd2 Nc7) 64. Nc4+ $17 Kc7 $2 (64... Kxb5 $19 65. c7 Nd5+ {[%mdl 64] Double Attack} 66. Kxd3 Nxc7) 65. e6 $2 {[%mdl 8192]} (65. Kd4 $11) 65... Ngxe6 $19 66. b6+ Kb8 $2 (66... Kxc6 $19 67. Ne5+ Kb7 68. Nxg6 Nxg6 69. Kxd3 Ne5+ 70. Ke4 Nc6) 67. c7+ $11 {[#]The position is equal.} Nxc7 $1 68. bxc7+ Kxc7 69. Ne5 g5 70. Nxd3 Nh5 71. Ne5 {Accuracy: White = 47%, Black = 35%.} 1/2-1/2

[Event "78th GEO-ch 2019"]
[Site "Tbilisi"]
[Date "2019.02.09"]
[Round "2.1"]
[White "Pantsulaia, Levan"]
[Black "Beradze, Irakli"]
[Result "1/2-1/2"]
[WhiteElo "2611"]
[BlackElo "2490"]
[Annotator "ChessBase"]
[PlyCount "121"]
[EventDate "2019.02.06"]
[EventType "k.o."]
[EventCountry "GEO"]
[SourceTitle "playchess.com"]
[Source "ChessBase"]
[SourceQuality "1"]
[TimeControl "40/5400+30:1800+30"]

1. c4 {[%emt 0:04:34]} Nf6 {[%emt 0:01:43]} 2. g3 {[%emt 0:01:53]} c5 {[%emt 0:01:01]} 3. Bg2 {[%emt 0:00:19]} g6 {[%emt 0:00:57]} 4. Nf3 {[%emt 0:02:37]} Nc6 {[%emt 0:00:31]} 5. O-O {[%emt 0:01:13]} Bg7 {[%emt 0:00:11]} 6. Nc3 {[%emt 0:00:15]} O-O {[%emt 0:00:14]} 7. d4 {[%emt 0:00:04]} cxd4 {[%emt 0:00:24]} 8. Nxd4 {[%emt 0:00:04]} Qa5 {[%emt 0:01:33]} 9. Nb3 {[%emt 0:04:26]} Qh5 {[%emt 0:00:27]} 10. c5 {[%emt 0:00:10]} d6 {[%emt 0:01:09]} 11. cxd6 {[%emt 0:00:46]} Rd8 {[%emt 0:00:17]} 12. e4 {[%emt 0:01:01]} Qxd1 {[%emt 0:00:29]} 13. Rxd1 {[%emt 0:00:06]} Rxd6 {[%emt 0:00:19]} 14. Rxd6 {[%emt 0:04:34]} exd6 {[%emt 0:01:44]} 15. h3 {[%emt 0:03:02]} Be6 {[%emt 0:03:02]} 16. Be3 {[%emt 0:05:52]} Ne8 {[%emt 0:03:43]} 17. Rd1 {[%emt 0:16:35]} Nb4 {[%emt 0:08:39]} 18. Na5 {[%emt 0:00:34]} Nxa2 {[%emt 0:20:29]} 19. Nxa2 {[%emt 0:00:33]} Bxa2 {[%emt 0:00:04]} 20. e5 {[%emt 0:03:00]} Bxe5 {[%emt 0:12:47]} 21. Bxb7 {[%emt 0:00:22]} Rd8 {[%emt 0:00:09]} 22. Bxa7 {[%emt 0:01:38]} Be6 {[%emt 0:10:33]} 23. b4 {[%emt 0:05:25]} Rd7 {[%emt 0:13:59]} 24. Bd4 {[%emt 0:04:35]} Bxd4 {[%emt 0:05:02]} 25. Rxd4 {[%emt 0:00:21]} Rc7 {[%emt 0:02:50]} 26. Bc6 {[%emt 0:00:33]} Bd7 {[%emt 0:00:05]} 27. Bxd7 {[%emt 0:00:13]} Rxd7 {[%emt 0:00:03]} 28. b5 {[%emt 0:00:09]} Ra7 {[%emt 0:01:23]} 29. Ra4 {[%emt 0:14:19]} Nf6 {[%emt 0:00:22]} 30. b6 {[%emt 0:00:08]} Ra6 {[%emt 0:00:04]} 31. b7 {[%emt 0:00:04]} Nd7 {[%emt 0:00:15]} 32. Ra3 {[%emt 0:05:01]} Kf8 {[%emt 0:05:43]} 33. Nc4 {[%emt 0:04:20]} Rxa3 {[%emt 0:01:33]} 34. Nxa3 {[%emt 0:00:05]} Ke7 {[%emt 0:00:25]} 35. Nc4 {[%emt 0:02:58]} Nb8 {[%emt 0:00:55]} 36. Kg2 {[%emt 0:05:07]} Kd7 {[%emt 0:00:17]} 37. Kf3 {[%emt 0:01:02]} Kc6 {[%emt 0:00:23]} 38. Ke3 {[%emt 0:00:32]} Kc5 {[%emt 0:03:13]} 39. Kd3 {[%emt 0:02:40]} Nd7 {[%emt 0:00:55]} 40. g4 {[%emt 0:00:00]} h6 {[%emt 0:00:00]} 41. h4 {[%emt 0:06:39]} d5 {[%emt 0:13:04]} 42. Na5 {[%emt 0:02:30]} Nb8 {[%emt 0:06:14]} 43. f4 {[%emt 0:06:45]} Kb6 {[%emt 0:05:29]} 44. Kd4 {[%emt 0:00:26]} Kxa5 {[%emt 0:00:07]} 45. Kxd5 {[%emt 0:00:05]} Kb6 {[%emt 0:00:21]} 46. Ke5 {[%emt 0:00:19]} Kxb7 {[%emt 0:01:14]} 47. Kf6 {[%emt 0:00:06]} Nd7+ {[%emt 0:00:42]} 48. Kxf7 {[%emt 0:03:05]} g5 {[%emt 0:00:03]} 49. fxg5 {[%emt 0:01:11]} hxg5 {[%emt 0:00:20]} 50. hxg5 {[%emt 0:00:31]} Ne5+ {[%emt 0:00:03]} 51. Ke6 {[%emt 0:00:16]} Nxg4 {[%emt 0:00:06]} 52. Kf5 {[%emt 0:00:04]} Ne3+ {[%emt 0:00:34]} 53. Ke4 {[%emt 0:00:06]} Kc6 {[%emt 0:01:26]} 54. Kxe3 {[%emt 0:00:13]} Kd5 {[%emt 0:00:17]} 55. Kf4 {[%emt 0:00:09]} Ke6 {[%emt 0:00:04]} 56. Kg4 {[%emt 0:00:08]} Kf7 {[%emt 0:00:05]} 57. Kf5 {[%emt 0:00:05]} Kg7 {[%emt 0:00:03]} 58. g6 {[%emt 0:00:05]} Kg8 {[%emt 0:00:05]} 59. Kf6 {[%emt 0:00:05]} Kf8 {[%emt 0:00:04]} 60. g7+ {[%emt 0:00:05]} Kg8 {[%emt 0:00:04]} 61. Kg6 1/2-1/2

[Event "78th GEO-ch 2019"]
[Site "Tbilisi"]
[Date "2019.02.09"]
[Round "2.1"]
[White "Paichadze, Luka"]
[Black "Maghalashvili, Davit"]
[Result "1-0"]
[WhiteElo "2580"]
[BlackElo "2504"]
[Annotator "ChessBase"]
[PlyCount "123"]
[EventDate "2019.02.06"]
[EventType "k.o."]
[EventCountry "GEO"]
[SourceTitle "playchess.com"]
[Source "ChessBase"]
[SourceQuality "1"]
[TimeControl "40/5400+30:1800+30"]

1. e4 {[%emt 0:00:00]} c5 {[%emt 0:00:00]} 2. Nf3 {[%emt 0:00:00]} d6 {[%emt 0:00:00]} 3. d4 {[%emt 0:00:40]} cxd4 {[%emt 0:00:00]} 4. Qxd4 {[%emt 0:00:08]} Nc6 {[%emt 0:00:00]} 5. Bb5 {[%emt 0:00:04]} Bd7 {[%emt 0:00:00]} 6. Qd3 {[%emt 0:00:15]} g6 {[%emt 0:00:24]} 7. O-O {[%emt 0:00:49]} Bg7 {[%emt 0:00:08]} 8. c4 {[%emt 0:00:12]} Nf6 {[%emt 0:00:14]} 9. h3 {[%emt 0:00:32]} O-O {[%emt 0:00:43]} 10. Nc3 {[%emt 0:00:10]} Rc8 {[%emt 0:01:18]} 11. Be3 {[%emt 0:01:48]} a6 {[%emt 0:03:48]} 12. Bxc6 {[%emt 0:00:08]} Bxc6 {[%emt 0:00:06]} 13. Nd4 {[%emt 0:02:28]} Nd7 {[%emt 0:00:32]} 14. Rac1 {[%emt 0:04:45]} Nc5 {[%emt 0:06:33]} 15. Qb1 {[%emt 0:00:25]} Ne6 {[%emt 0:02:40]} 16. Rfd1 {[%emt 0:05:04]} Nxd4 {[%emt 0:06:03]} 17. Bxd4 {[%emt 0:00:10]} Bh6 {[%emt 0:05:50]} 18. Rc2 {[%emt 0:01:42]} b5 {[%emt 0:00:15]} 19. c5 {[%emt 0:17:43]} b4 {[%emt 0:03:29]} 20. Nd5 {[%emt 0:00:06]} e5 {[%emt 0:03:50]} 21. Be3 {[%emt 0:02:09]} Bxd5 {[%emt 0:02:25]} 22. Rxd5 {[%emt 0:02:00]} Bxe3 {[%emt 0:00:18]} 23. fxe3 {[%emt 0:00:05]} Qg5 {[%emt 0:00:18]} 24. Qc1 {[%emt 0:02:18]} Rxc5 {[%emt 0:02:52]} 25. Rcxc5 {[%emt 0:00:10]} dxc5 {[%emt 0:00:04]} 26. Qxc5 {[%emt 0:00:36]} Re8 {[%emt 0:01:49]} 27. Rd3 {[%emt 0:05:23]} Rb8 {[%emt 0:20:32]} 28. Kh1 {[%emt 0:12:46]} h5 {[%emt 0:03:08]} 29. Rd1 {[%emt 0:07:05]} Qf6 {[%emt 0:06:25]} 30. Rd6 {[%emt 0:04:23]} Qf1+ {[%emt 0:10:30]} 31. Kh2 {[%emt 0:00:05]} Qb5 {[%emt 0:01:28]} 32. Qc7 {[%emt 0:01:46]} Re8 {[%emt 0:01:46]} 33. Rf6 {[%emt 0:01:27]} Rf8 {[%emt 0:00:30]} 34. Rb6 {[%emt 0:00:08]} Qe2 {[%emt 0:12:19]} 35. Rxb4 {[%emt 0:01:36]} Qxe3 {[%emt 0:01:21]} 36. Qxe5 {[%emt 0:00:10]} h4 {[%emt 0:00:42]} 37. Rb3 {[%emt 0:01:21]} Qe1 {[%emt 0:00:09]} 38. Rf3 {[%emt 0:00:50]} a5 {[%emt 0:04:24]} 39. Qf4 {[%emt 0:01:03]} a4 {[%emt 0:00:52]} 40. Rf2 {[%emt 0:00:00]} Qb1 {[%emt 0:00:00]} 41. a3 {[%emt 0:02:05]} Qd3 {[%emt 0:10:00]} 42. Qxh4 {[%emt 0:04:12]} Qd6+ {[%emt 0:04:45]} 43. Qg3 {[%emt 0:00:05]} Qe6 {[%emt 0:00:53]} 44. e5 {[%emt 0:08:45]} Re8 {[%emt 0:01:01]} 45. Re2 {[%emt 0:00:18]} Qf5 {[%emt 0:01:55]} 46. Qe3 {[%emt 0:00:24]} Re6 {[%emt 0:04:47]} 47. Qe4 {[%emt 0:01:37]} Qf1 {[%emt 0:01:57]} 48. Re3 {[%emt 0:06:00]} Qb5 {[%emt 0:05:49]} 49. Qd4 {[%emt 0:00:11]} Rb6 {[%emt 0:01:35]} 50. Re4 {[%emt 0:01:19]} Qxb2 {[%emt 0:00:35]} 51. Qxa4 {[%emt 0:01:32]} Kg7 {[%emt 0:02:11]} 52. Qa7 {[%emt 0:03:42]} Rb7 {[%emt 0:01:15]} 53. Qe3 {[%emt 0:00:53]} Rb3 {[%emt 0:01:04]} 54. Qg5 {[%emt 0:01:19]} Rb5 {[%emt 0:00:54]} 55. a4 {[%emt 0:00:24]} Rb4 {[%emt 0:00:31]} 56. Qf6+ {[%emt 0:09:16]} Kg8 {[%emt 0:00:03]} 57. Qf4 {[%emt 0:00:05]} Rxe4 {[%emt 0:00:41]} 58. Qxe4 {[%emt 0:00:04]} Qd2 {[%emt 0:00:25]} 59. e6 {[%emt 0:02:56]} Qd6+ {[%emt 0:00:19]} 60. g3 {[%emt 0:00:04]} f5 {[%emt 0:00:46]} 61. Qe3 {[%emt 0:03:10]} Kf8 {[%emt 0:00:41]} 62. Qh6+ {[%emt 0:00:40]} 1-0

[Event "78th GEO-ch 2019"]
[Site "Tbilisi"]
[Date "2019.02.09"]
[Round "2.1"]
[White "Shanava, Konstantine"]
[Black "Arutinian, David"]
[Result "1/2-1/2"]
[WhiteElo "2516"]
[BlackElo "2552"]
[Annotator "TA"]
[PlyCount "35"]
[EventDate "2019.02.06"]
[EventType "k.o."]
[EventCountry "GEO"]
[SourceTitle "playchess.com"]
[Source "ChessBase"]
[SourceQuality "1"]

{[%evp 17,35,37,37,24,38,31,31,39,36,35,31,18,15,15,15,15,22,15,15,17]} 1. e4 c6 2. Nc3 d5 3. Nf3 Bg4 4. h3 Bxf3 5. Qxf3 e6 6. d4 dxe4 7. Nxe4 Nd7 8. c3 Ngf6 9. Nxf6+ Nxf6 10. Be2 {B17: Caro-Kann: Modern Line (4...Nd7)} Qd5 (10... Bd6 11. h4 Qa5 12. Bg5 Qd5 13. O-O h6 14. Be3 {1-0 (63) Bacrot,E (2696)-Prohaszka,P (2596) Minsk 2017}) 11. O-O Qxf3 12. Bxf3 {White is slightly better.} Be7 13. Re1 O-O 14. g3 Rfd8 {The position is equal.} 15. a4 $146 ({Predecessor:} 15. Be3 Nd5 16. Bd2 Bf6 17. Rad1 Rd7 18. Bc1 {½-½ (18) Deglmann,L (2230)-Lehner,O (2290) Werfen 1995}) 15... a5 16. Bd2 Nd5 17. Red1 g6 18. Kg2 1/2-1/2

[Event "78th GEO-ch 2019"]
[Site "Tbilisi"]
[Date "2019.02.09"]
[Round "2.1"]
[White "Quparadze, Giga"]
[Black "Jojua, Davit"]
[Result "1-0"]
[WhiteElo "2493"]
[BlackElo "2588"]
[Annotator "ChessBase"]
[PlyCount "133"]
[EventDate "2019.02.06"]
[EventType "k.o."]
[EventCountry "GEO"]
[SourceTitle "playchess.com"]
[Source "ChessBase"]
[SourceQuality "1"]
[TimeControl "40/5400+30:1800+30"]

1. e4 {[%emt 0:00:00]} e5 {[%emt 0:00:00]} 2. Nf3 {[%emt 0:00:00]} Nc6 {[%emt 0:00:00]} 3. Bb5 {[%emt 0:00:00]} a6 {[%emt 0:00:00]} 4. Ba4 {[%emt 0:00:00]} Nf6 {[%emt 0:00:00]} 5. d3 {[%emt 0:00:18]} d6 {[%emt 0:01:00]} 6. c3 {[%emt 0:00:07]} g6 {[%emt 0:00:13]} 7. O-O {[%emt 0:00:07]} Bg7 {[%emt 0:00:04]} 8. Re1 {[%emt 0:00:06]} O-O {[%emt 0:00:20]} 9. Nbd2 {[%emt 0:00:05]} b5 {[%emt 0:02:59]} 10. Bb3 {[%emt 0:00:56]} Na5 {[%emt 0:01:11]} 11. Bc2 {[%emt 0:00:06]} c5 {[%emt 0:00:05]} 12. Nf1 {[%emt 0:01:14]} Nc6 {[%emt 0:04:42]} 13. Bg5 {[%emt 0:00:16]} h6 {[%emt 0:01:40]} 14. Bh4 {[%emt 0:00:24]} Be6 {[%emt 0:05:09]} 15. Bb3 {[%emt 0:00:42]} Qd7 {[%emt 0:26:20]} 16. Bxf6 {[%emt 0:01:14]} Bxf6 {[%emt 0:00:06]} 17. Ne3 {[%emt 0:00:21]} Bg7 {[%emt 0:02:28]} 18. a4 {[%emt 0:00:40]} Ne7 {[%emt 0:03:27]} 19. h4 {[%emt 0:09:08]} d5 {[%emt 0:23:08]} 20. exd5 {[%emt 0:00:59]} Nxd5 {[%emt 0:01:59]} 21. Nxd5 {[%emt 0:00:23]} Bxd5 {[%emt 0:00:03]} 22. Nxe5 {[%emt 0:00:13]} Qd6 {[%emt 0:02:16]} 23. d4 {[%emt 0:00:14]} Bxb3 {[%emt 0:02:36]} 24. Qxb3 {[%emt 0:00:07]} cxd4 {[%emt 0:00:35]} 25. cxd4 {[%emt 0:00:06]} Qxd4 {[%emt 0:02:49]} 26. Nxg6 {[%emt 0:01:08]} Qxb2 {[%emt 0:01:42]} 27. Ne7+ {[%emt 0:01:26]} Kh8 {[%emt 0:00:05]} 28. Qe3 {[%emt 0:01:07]} Qc3 {[%emt 0:05:30]} 29. Qf4 {[%emt 0:01:53]} Qd4 {[%emt 0:03:13]} 30. Qf3 {[%emt 0:00:54]} Qc3 {[%emt 0:02:40]} 31. Qg4 {[%emt 0:02:15]} Rae8 {[%emt 0:02:12]} 32. Rad1 {[%emt 0:00:19]} bxa4 {[%emt 0:01:45]} 33. Qxa4 {[%emt 0:00:16]} Rd8 {[%emt 0:03:07]} 34. Qxa6 {[%emt 0:00:57]} Rxd1 {[%emt 0:01:46]} 35. Rxd1 {[%emt 0:00:06]} Re8 {[%emt 0:00:51]} 36. Qe2 {[%emt 0:03:28]} Qe5 {[%emt 0:01:24]} 37. Qxe5 {[%emt 0:00:36]} Bxe5 {[%emt 0:00:00]} 38. Nf5 {[%emt 0:00:10]} Re6 {[%emt 0:00:33]} 39. h5 {[%emt 0:00:06]} Rf6 {[%emt 0:00:51]} 40. g4 {[%emt 0:00:00]} Rb6 {[%emt 0:00:00]} 41. Rd5 {[%emt 0:00:58]} Bf4 {[%emt 0:05:32]} 42. Rd4 {[%emt 0:00:16]} Bc1 {[%emt 0:02:21]} 43. Kg2 {[%emt 0:00:08]} Ba3 {[%emt 0:01:08]} 44. Rd3 {[%emt 0:00:30]} Bb2 {[%emt 0:04:26]} 45. Rd8+ {[%emt 0:01:26]} Kh7 {[%emt 0:00:05]} 46. Nd6 {[%emt 0:02:38]} Rb4 {[%emt 0:03:27]} 47. f3 {[%emt 0:00:15]} Be5 {[%emt 0:02:31]} 48. Nxf7 {[%emt 0:00:35]} Bf4 {[%emt 0:00:14]} 49. Rd7 {[%emt 0:00:55]} Kg8 {[%emt 0:04:37]} 50. Nd8 {[%emt 0:00:06]} Rb6 {[%emt 0:06:08]} 51. Kf1 {[%emt 0:00:56]} Bg5 {[%emt 0:01:15]} 52. Nb7 {[%emt 0:00:37]} Rb3 {[%emt 0:01:44]} 53. Kg2 {[%emt 0:00:48]} Be3 {[%emt 0:01:11]} 54. Nd6 {[%emt 0:02:21]} Rd3 {[%emt 0:01:54]} 55. Rd8+ {[%emt 0:00:06]} Kh7 {[%emt 0:00:02]} 56. Nf7 {[%emt 0:00:14]} Ra3 {[%emt 0:00:30]} 57. Rd7 {[%emt 0:00:10]} Kg8 {[%emt 0:00:13]} 58. Ne5 {[%emt 0:01:14]} Bf4 {[%emt 0:00:18]} 59. Ng6 {[%emt 0:00:21]} Ra2+ {[%emt 0:01:51]} 60. Kf1 {[%emt 0:00:14]} Ra3 {[%emt 0:00:19]} 61. Ke2 {[%emt 0:00:08]} Ra2+ {[%emt 0:00:10]} 62. Kd1 {[%emt 0:00:29]} Ra1+ {[%emt 0:00:17]} 63. Kc2 {[%emt 0:00:06]} Bg5 {[%emt 0:00:23]} 64. f4 {[%emt 0:01:11]} Bf6 {[%emt 0:01:04]} 65. g5 {[%emt 0:00:49]} Bg7 {[%emt 0:01:27]} 66. Ne7+ {[%emt 0:00:32]} Kf8 {[%emt 0:00:32]} 67. Nf5 {[%emt 0:00:07]} 1-0

[Event "78th GEO-ch 2019"]
[Site "Tbilisi"]
[Date "2019.02.10"]
[Round "2.2"]
[White "Jojua, Davit"]
[Black "Quparadze, Giga"]
[Result "1-0"]
[WhiteElo "2588"]
[BlackElo "2493"]
[Annotator "ChessBase"]
[PlyCount "61"]
[EventDate "2019.02.06"]
[EventType "k.o."]
[EventCountry "GEO"]
[SourceTitle "playchess.com"]
[Source "ChessBase"]
[SourceQuality "1"]
[TimeControl "40/5400+30:1800+30"]

1. d4 {[%emt 0:00:35]} Nf6 {[%emt 0:00:00]} 2. c4 {[%emt 0:00:02]} e6 {[%emt 0:00:00]} 3. g3 {[%emt 0:00:03]} Bb4+ {[%emt 0:00:00]} 4. Bd2 {[%emt 0:00:05]} a5 {[%emt 0:00:00]} 5. Bg2 {[%emt 0:00:21]} d5 {[%emt 0:00:02]} 6. Nf3 {[%emt 0:00:52]} O-O {[%emt 0:00:07]} 7. Qc2 {[%emt 0:00:54]} c6 {[%emt 0:00:07]} 8. O-O {[%emt 0:00:42]} Be7 {[%emt 0:00:04]} 9. Bf4 {[%emt 0:01:43]} b6 {[%emt 0:00:16]} 10. Ne5 {[%emt 0:01:41]} Bb7 {[%emt 0:00:24]} 11. Rd1 {[%emt 0:05:47]} Nfd7 {[%emt 0:07:23]} 12. e4 {[%emt 0:10:37]} Nxe5 {[%emt 0:00:30]} 13. Bxe5 {[%emt 0:00:03]} Na6 {[%emt 0:03:57]} 14. a3 {[%emt 0:07:26]} Rc8 {[%emt 0:00:21]} 15. Nc3 {[%emt 0:04:23]} Bd6 {[%emt 0:05:53]} 16. Bxd6 {[%emt 0:09:11]} Qxd6 {[%emt 0:00:11]} 17. Qb3 {[%emt 0:00:05]} dxc4 {[%emt 0:08:05]} 18. Qxb6 {[%emt 0:00:35]} Qc7 {[%emt 0:00:08]} 19. Na4 {[%emt 0:00:44]} Rfd8 {[%emt 0:00:22]} 20. Rac1 {[%emt 0:02:20]} c5 {[%emt 0:01:02]} 21. Qxc7 {[%emt 0:06:06]} Rxc7 {[%emt 0:00:08]} 22. d5 {[%emt 0:00:53]} exd5 {[%emt 0:04:03]} 23. exd5 {[%emt 0:00:05]} Bc8 {[%emt 0:01:07]} 24. Nb6 {[%emt 0:08:02]} Bg4 {[%emt 0:00:05]} 25. Rd2 {[%emt 0:00:09]} Re7 {[%emt 0:00:41]} 26. Nxc4 {[%emt 0:02:10]} a4 {[%emt 0:00:04]} 27. Ne3 {[%emt 0:04:16]} Bd7 {[%emt 0:00:45]} 28. Bf1 {[%emt 0:00:08]} Ra8 {[%emt 0:00:03]} 29. d6 {[%emt 0:01:25]} Ree8 {[%emt 0:00:46]} 30. Nd5 {[%emt 0:00:06]} Red8 {[%emt 0:00:37]} 31. Nc7 {[%emt 0:00:18]} 1-0